Dhikrā wa-bushrā, (Record no. 49314)

MARC details
000 -LEADER
fixed length control field 00648cam a22002171 4500
001 - CONTROL NUMBER
control field ne 67000099
003 - CONTROL NUMBER IDENTIFIER
control field DLC
005 - DATE AND TIME OF LATEST TRANSACTION
control field 20260227111828.0
008 - FIXED-LENGTH DATA ELEMENTS--GENERAL INFORMATION
fixed length control field 880909s1964 ae 000 0 arar
010 ## - LIBRARY OF CONGRESS CONTROL NUMBER
LC control number ne 67000099
035 ## - SYSTEM CONTROL NUMBER
System control number (OCoLC)18461153
040 ## - CATALOGING SOURCE
Original cataloging agency DLC
Transcribing agency WaU
Modifying agency DLC
042 ## - AUTHENTICATION CODE
Authentication code premarc
043 ## - GEOGRAPHIC AREA CODE
Geographic area code f-ae---
050 00 - LIBRARY OF CONGRESS CALL NUMBER
Classification number PJ7866.R9
Item number D5
100 1# - MAIN ENTRY--PERSONAL NAME
Personal name Aroua, Ahmed,
Dates associated with a name 1926-
245 10 - TITLE STATEMENT
Title Dhikrā wa-bushrā,
Remainder of title min waḥy al-thawrah al-Jazāʼirīyah,
Statement of responsibility, etc. shiʼr Aḥmad ʻUrwah.
260 ## - PUBLICATION, DISTRIBUTION, ETC.
Place of publication, distribution, etc. al-Jazāʼir,
Name of publisher, distributor, etc. Maktabat al-Sharakah al-Jazāʼirīyah
Date of publication, distribution, etc. [1964]
300 ## - PHYSICAL DESCRIPTION
Extent 98 p.
Dimensions 20 cm.
651 #0 - SUBJECT ADDED ENTRY--GEOGRAPHIC NAME
Geographic name Algeria
General subdivision History
Chronological subdivision 1945-1962
Form subdivision Poetry.

No items available.

Powered by Koha